01028cam a2200313 a 450000100090000000300040000900500170001300800410003001000170007102000250008802000220011302000250013502000220016003500230018204000250020504200140023005000210024408200190026510000300028424501190031425000120043326000400044530000330048550400410051850500390055965000450059870000360064370000350067912847912OSt20151112142817.0020709s2004 mauab b 000 0 eng  a 2002109689 a9780618312924 (v. 1) a0618312927 (v. 1) a9780618312931 (v. 2) a0618312935 (v. 2) a(OCoLC)ocm52443147 aGZQcGZQdBAKERdDLC alccopycat00aCB245b.W52 200400a909/.098212221 aWiesner, Merry E.,d1952-10aDiscovering the Western past :ba look at the evidence /cMerry E. Wiesner, Julius R. Ruff, William Bruce Wheeler. a5th ed. aBoston :bHoughton Mifflin,cc2004. a2 v. :bill., maps ;c24 cm. aIncludes bibliographical references.0 av. 1. To 1789 -- v. 2. Since 1500. 0aCivilization, WesternxHistoryvSources.1 aRuff, Julius R.q(Julius Ralph)1 aWheeler, William Bruce,d1939-